Acción semario enciclópedico. (Registro nro. 36442)
[ vista simple ]
| 000 -CABECERA | |
|---|---|
| campo de control de longitud fija | 00547nas a2200193 a 4500 |
| 001 - NÚMERO DE CONTROL | |
| campo de control | 000036952 |
| 003 - IDENTIFICADOR DEL NÚMERO DE CONTROL | |
| campo de control | DLC |
| 005 - FECHA Y HORA DE LA ÚLTIMA TRANSACCIÓN | |
| campo de control | 20200930080037.0 |
| 008 - DATOS DE LONGITUD FIJA--INFORMACIÓN GENERAL | |
| campo de control de longitud fija | 120207c19429999dr wr1pdd 0 0spa d |
| 040 ## - FUENTE DE LA CATALOGACIÓN | |
| Centro catalogador/agencia de origen | DO-SdBNP |
| 043 ## - CÓDIGO DE ÁREA GEOGRÁFICA | |
| Código de área geográfica | nwdr |
| 245 00 - MENCIÓN DE TÍTULO | |
| Título | Acción semario enciclópedico. |
| 260 ## - PUBLICACIÓN, DISTRIBUCIÓN, ETC. | |
| Lugar de publicación, distribución, etc. | Ciudad Trujillo, República Dominicana, |
| Fecha de publicación, distribución, etc. | 1942. |
| 300 ## - DESCRIPCIÓN FÍSICA | |
| Extensión | 58p. ; |
| Dimensiones | 18cm. |
| 310 ## - PERIODICIDAD ACTUAL | |
| Periodicidad actual | semanal |
| 362 1# - FECHAS DE PUBLICACIÓN Y/O DESIGNACIÓN SECUENCIAL | |
| Fecha de publicación y/o designación secuencial | Año. 1 Núm.15 de Noviembre, 1942 |
| 650 #4 - PUNTO DE ACCESO ADICIONAL DE MATERIA--TÉRMINO DE MATERIA | |
| Término de materia o nombre geográfico como elemento de entrada | Poesía dominicana |
| Subdivisión general | Literatura dominicana |
| 9 (RLIN) | 63346 |
| 651 #4 - PUNTO DE ACCESO ADICIONAL DE MATERIA--NOMBRE GEOGRÁFICO | |
| Nombre geográfico | República Dominicana |
| 9 (RLIN) | 10483 |
No hay ítems disponibles.
